000 00614nam a2200193 a 4500
001 000039089
005 20201002031506.0
008 111105s2011 sp a 000 0 spa d
020 _a9789583006418
040 _aDO-SdBNP
_bspa
_cBNPHU
082 _axxx
_bQ8c, 2011
100 1 _aQuiroga, Horacio,
_d1878-1937.
_95062
245 1 0 _aCuentos de amor de locura y de muerte /
_cHoracio Quiroga; ilustraciones Eric Nieto.
250 _a9a. ed.
260 _aNavalcamero :
_bEdiciones Mestas,
_c2011.
300 _a156 p. :
_bil. ;
_c21 cm.
490 1 _aClássicos universales
830 0 _aClássicos universales
_965304
999 _c38579
_d38579